| 000 | 00865cam a2200289 a 4500 | ||
|---|---|---|---|
| 001 | 1061019 | ||
| 005 | 20160628102444.0 | ||
| 006 | 000 | ||
| 007 | 000 | ||
| 008 | 000 | ||
| 010 | _a 90173475 | ||
| 020 | _a0471622559 | ||
| 040 |
_aUOEL _cDLC _dDLC |
||
| 050 | 0 | 0 |
_aG155.A1 _bM386 1990 |
| 082 | 0 | 0 |
_a338.4/791 _220 |
| 100 | 1 |
_aMcIntosh, Robert Woodrow, _d1917- |
|
| 245 | 1 | 0 |
_aTourism : _bprinciples, practices, philosophies / _cRobert W. McIntosh, Charles R. Goeldner. |
| 250 | _a6th ed. | ||
| 260 |
_aNew York : _bJ. Wiley, _cc1990. |
||
| 300 |
_axvi, 534 p. : _bill. ; _c25 cm. |
||
| 504 | _aIncludes bibliographical references and index. | ||
| 650 | 0 | _aTourism. | |
| 700 | 1 | _aGoeldner, Charles R. | |
| 906 |
_a7 _bcbc _corignew _d3 _encip _f19 _gy-gencatlg |
||
| 942 |
_2lcc _cLL |
||
| 999 |
_c12516 _d12516 |
||